00666 2200229 4500001002100000005001500021035002000036007000300056008004100059020001500100082001100115084001700126100001100143245002500154260002600179300003600205500014300241650002100384856001700405990000700422990000700429INLIS00000000000003820220120115716 a0010-0122000038ta220120 0 ind  a9799417856 a001.43 a001.43 MAS m0 aMasita1 aMari Bereksperimen 2 aSurabaya :bIC,c2010 a52 hlm :bilus. ;c21 x 29.7 cm aMari Bereksperimen adalah seri buku sains yang snagat informatif dan mudah dipahami oleh anak-anak dan remaja. buku ini berjumlah 10 seri. 4aPercobaan Ilmiah aKoleksi Umum a47 a48